| 000 | 00591nam a22002177a 4500 | ||
|---|---|---|---|
| 003 | OSt | ||
| 005 | 20150202094333.0 | ||
| 008 | 130607t xxu||||| |||| 00| 0 eng d | ||
| 020 | _a9717890307 | ||
| 020 | _a1577489033 | ||
| 050 |
_aPN 6231.C32 _b.H288 2000 |
||
| 082 |
_aM 828.91209 _bH24 1963 |
||
| 100 | _aHarmon, Dan | ||
| 245 |
_aGreat clean jokes grown up kids / _cDan Harmon. |
||
| 260 |
_aPhilippines, Metro Manila : _bBarbour Publishing, Inc., _cc2000. |
||
| 300 |
_a127 pages : _c16 cm. |
||
| 526 | _c1210L-1700L | ||
| 562 | _e1 | ||
| 942 |
_2lcc _cBK _kLOC |
||
| 999 |
_c16790 _d16790 |
||